Catalog

Record Details

Catalog Search



Privacy and Identity Management for Life 7th IFIP WG 9.2, 9.6/11.7, 11.4, 11.6/PrimeLife International Summer School, Trento, Italy, September 5-9, 2011, Revised Selected Papers  Cover Image E-book E-book

Privacy and Identity Management for Life [electronic resource] : 7th IFIP WG 9.2, 9.6/11.7, 11.4, 11.6/PrimeLife International Summer School, Trento, Italy, September 5-9, 2011, Revised Selected Papers / edited by Jan Camenisch, Bruno Crispo, Simone Fischer-Hübner, Ronald Leenes, Giovanni Russello.

Camenisch, Jan. (editor.). Crispo, Bruno. (editor.). Fischer-Hübner, Simone. (editor.). Leenes, Ronald. (editor.). Russello, Giovanni. (editor.). SpringerLink (Online service) (Added Author).

Electronic resources


LDR 02247nam a22005175i 4500
00142234
003CONS
00520130727042328.0
007cr nn 008mamaa
008120628s2012 gw | s |||| 0|eng d
020 . ‡a9783642316685 ‡9978-3-642-31668-5
0247 . ‡a10.1007/978-3-642-31668-5 ‡2doi
035 . ‡a(DE-He213)978-3-642-31668-5
050 4. ‡aTK5105.5-5105.9
072 7. ‡aUKN ‡2bicssc
072 7. ‡aCOM075000 ‡2bisacsh
1001 . ‡aCamenisch, Jan. ‡eeditor.
24510. ‡aPrivacy and Identity Management for Life ‡h[electronic resource] : ‡b7th IFIP WG 9.2, 9.6/11.7, 11.4, 11.6/PrimeLife International Summer School, Trento, Italy, September 5-9, 2011, Revised Selected Papers / ‡cedited by Jan Camenisch, Bruno Crispo, Simone Fischer-Hübner, Ronald Leenes, Giovanni Russello.
264 1. ‡aBerlin, Heidelberg : ‡bSpringer Berlin Heidelberg, ‡c2012.
300 . ‡aXIII, 293p. 39 illus. ‡bonline resource.
336 . ‡atext ‡btxt ‡2rdacontent
337 . ‡acomputer ‡bc ‡2rdamedia
338 . ‡aonline resource ‡bcr ‡2rdacarrier
347 . ‡atext file ‡bPDF ‡2rda
4901 . ‡aIFIP Advances in Information and Communication Technology, ‡x1868-4238 ; ‡v375
650 0. ‡aComputer science.
650 0. ‡aComputer Communication Networks.
650 0. ‡aData encryption (Computer science).
650 0. ‡aComputer software.
650 0. ‡aInformation Systems.
65014. ‡aComputer Science.
65024. ‡aComputer Communication Networks.
65024. ‡aManagement of Computing and Information Systems.
65024. ‡aData Encryption.
65024. ‡aComputers and Society.
65024. ‡aInformation Systems Applications (incl. Internet).
65024. ‡aAlgorithm Analysis and Problem Complexity.
7001 . ‡aCrispo, Bruno. ‡eeditor.
7001 . ‡aFischer-Hübner, Simone. ‡eeditor.
7001 . ‡aLeenes, Ronald. ‡eeditor.
7001 . ‡aRussello, Giovanni. ‡eeditor.
7102 . ‡aSpringerLink (Online service)
7730 . ‡tSpringer eBooks
77608. ‡iPrinted edition: ‡z9783642316678
830 0. ‡aIFIP Advances in Information and Communication Technology, ‡x1868-4238 ; ‡v375
85640. ‡uhttp://biblioteca.ipicyt.edu.mx:2048/login?url=http://dx.doi.org/10.1007/978-3-642-31668-5 ‡yTexto completo ‡9CONS
950 . ‡aComputer Science (Springer-11645)
901 . ‡a42234 ‡b ‡c42234 ‡tbiblio ‡sSystem Local

Additional Resources